Life is a Highway--Rascal Flatts (all lyrics) - Statistics

General Stats
  • This quiz has been taken 276 times
  • The average score is 243 of 356
Answer Stats
Answer % Correct
a
99%
A
99%
Life
99%
I
98%
I.
98%
highway,
96%
is
96%
all
93%
long.
93%
long,
93%
it
92%
night
92%
when
91%
you
91%
ride
89%
the
88%
and
84%
to
84%
your
82%
my
80%
wanna
80%
way,
79%
If
77%
on,
76%
going
75%
me
72%
so
72%
There
72%
there
72%
road
71%
day
70%
drive
69%
you're
69%
no
67%
that
67%
be
65%
gone.
65%
like
65%
next
65%
one
64%
travel
64%
We
63%
we
63%
Sometimes
62%
sometimes
62%
here
61%
there's
59%
There's
59%
in
58%
in,
58%
where
58%
Where
58%
yeah.
57%
back
56%
Life's
55%
won't
53%
are
52%
love
52%
then.
52%
This
52%
this
52%
turn
51%
wind.
50%
time
49%
it's
47%
come
46%
hesitate
46%
these
46%
down
45%
now
44%
now,
44%
door,
43%
not
43%
gate.
42%
world
42%
garden
41%
blood
40%
blood,
40%
outside
40%
anymore.
39%
I'm
39%
left
39%
break
38%
cities
38%
every
38%
today,
38%
much
37%
distance
36%
haunt
36%
light
36%
Through
35%
around.
34%
blues
34%
free
34%
know.
34%
towns,
34%
I'll
33%
stand,
33%
but
32%
darkened
32%
loved
32%
Memphis
31%
nights,
31%
bend,
30%
between
30%
distant
30%
shore.
30%
tell
30%
we're
30%
with
30%
brave
29%
lovers
29%
was
29%
can't
28%
up
28%
comes
27%
'em
27%
well
27%
hold,
26%
again,
25%
soar,
25%
survivors.
25%
hands.
24%
lonely
24%
look
24%
eye.
23%
From
23%
just
23%
Knock
23%
man.
23%
misunderstanding
23%
Mozambique
22%
those
22%
ain't
21%
once,
21%
lights.
19%
Vancouver's
19%
Pass
14%
rough,
12%
Khyber
11%
load
11%
No matching quizzes found
Score Distribution
Percent of People with Each Score
Percentile by Number Answered
Your Score History
You have not taken this quiz